000 00526nam a2200169Ia 4500
003 GCL
008 140319s9999 xx 000 0 ara d
040 _aGCL /
_cGCL
082 0 4 _aق
_b338
_bو ا
245 1 0 _aانجازات 21 عاما
260 _aالقاهرة :
_bوزارة الاعلام
300 _a190 ص ؛
_c24 سم
650 0 4 _aمصر - التنمية الصناعية
650 0 4 _aمصر - التنمية الاقتصادية
650 0 4 _aمصر - التنمية الاجتماعية
942 _2ddc
_cBK
999 _c33648
_d33648